| 000 | 00545nam a2200181Ia 4500 | ||
|---|---|---|---|
| 005 | 20260601193254.0 | ||
| 008 | 260601s9999||||xx |||||||||||||| ||und|| | ||
| 020 |
_a978-981-97-7184-4 _qebk |
||
| 100 | _aYing Tan | ||
| 245 | 0 | _aAdvances in Swarm Intelligence | |
| 250 | _a2024 | ||
| 260 |
_aHeidelberg, Germany _bSpringer Nature _c2024 |
||
| 440 | _aLecture Notes in Computer Science | ||
| 650 | _aComputer Science | ||
| 700 | _aYuhui Shi | ||
| 856 | _uhttps://link.springer.com/openurl?genre=book&isbn=978-981-97-7184-4 | ||
| 942 |
_cEB _2ddc |
||
| 999 |
_c56817 _d56817 |
||